Statistiques concernant Boissons nationales de pays

Cliquez ici pour prendre le quiz!

Statistiques générales

  • Ce quiz a été pris 125 fois
  • Le résultat moyen est 4 sur 10

Statistiques - réponses

PaysPlats nationaux% Correct
FranceVin
91%
JaponSaké
74%
Russie | Pologne | FinlandeVodka
66%
Inde | Viêt Nam | ÉgypteThé
53%
MexiqueTequila
49%
USASoda
40%
Australie | Nouvelle-ZélandeBière
25%
ItalieLimoncello
19%
AllemagneCafé
13%
Royaume-UniGin
10%

Distribution des résultats

Percentile par nombre de réponses

% des personnes avec chaque résultat

Votre développement - résultats

Vous n’avez pas pris ce quiz